logo

Bir Sreshtho Munshi Abdur Rouf Library
Jhenaidah Cadet College

সহজ কথায় মাছচাষ / (Record no. 12298)

MARC details
000 -LEADER
fixed length control field 00740nam a2200229 a 4500
001 - CONTROL NUMBER
JCCL Control Number 12298
003 - CONTROL NUMBER IDENTIFIER
JCCL marc code BD-JhCC
005 - DATE AND TIME OF LATEST TRANSACTION
control field 20210925132050.0
008 - FIXED-LENGTH DATA ELEMENTS--GENERAL INFORMATION
fixed length control field 210925b2014 bg a|||| ||a| 000 0 Ben d
020 ## - INTERNATIONAL STANDARD BOOK NUMBER
International Standard Book Number 9788129521118
035 ## - SYSTEM CONTROL NUMBER
system control number (BD-JhCC)12298
040 ## - CATALOGING SOURCE
Original cataloging agency BD-JhCC
Modifying agency BD-JhCC
041 ## - LANGUAGE CODE
Language code of Book Bengali
082 ## - DEWEY DECIMAL CLASSIFICATION NUMBER
Classification number 597.09295492
Author mark and Year GOS 2014
100 ## - MAIN ENTRY--PERSONAL NAME
Personal name গোস্বামী,ড. বিশ্বজিৎ
245 ## - TITLE STATEMENT
Title সহজ কথায় মাছচাষ /
Statement of responsibility, etc ড. বিশ্বজিৎ গোস্বামী।
260 ## - PUBLICATION, DISTRIBUTION, ETC. (IMPRINT)
Place of publication, distribution, etc ঢাকা:
Name of publisher, distributor, etc দেব পাবলিশিং;
Date of publication, distribution, etc ২০১৪.
300 ## - PHYSICAL DESCRIPTION
Pagination 255 p. :
Other physical details ill;
Dimensions 21 cm.
650 ## - SUBJECT ADDED ENTRY--TOPICAL TERM
Topical term or geographic name as entry element Freashwater Fishes
Geographic subdivision Bangladesh
942 ## - ADDED ENTRY ELEMENTS (KOHA)
Source of classification or shelving scheme Dewey Decimal Classification
Koha item type Books
Holdings
Source of classification or shelving scheme Damaged status Not for loan Home library Current library Shelving location Cost, normal purchase price Total Checkouts Full call number Barcode Date last seen Copy number Koha item type
Dewey Decimal Classification     JCC Rouf Library JCC Rouf Library General Stacks 344.00   597.09295492 GOS 2014 16996 09/25/2021 C-1 Books

JCC Library | Contacts | JCC Home

Last Update on 23 September 2017
Copyright @ 2017-2020 JCC Rouf Library
Rouf Library, Jhenidah Cadet College (JCC), Bangladesh